[Event "Lukavac op 8th"]
[Site "Lukavac"]
[Date "2019.11.25"]
[Round "7"]
[White "Hrncic, Amer"]
[Black "Siljegovic, Nadina"]
[Result "1/2-1/2"]
[WhiteElo "1458"]
[BlackElo "1247"]
[PlyCount "44"]
[EventDate "2019.11.22"]
[EventType "swiss"]
[EventRounds "7"]
[EventCountry "BIH"]
[SourceTitle "CBM 193 Extra"]
[Source "ChessBase"]
[SourceDate "2020.01.31"]
[SourceVersion "1"]
[SourceVersionDate "2020.01.31"]
[SourceQuality "1"]

1. d4 d5 2. Nf3 Nf6 3. c4 Nc6 4. Nc3 Bg4 5. Bg5 Bxf3 6. exf3 dxc4 7. Bxc4 Qxd4 8. Bxf7+ Kxf7 9. Qb3+ e6 10. Qxb7 Rd8 11. Qxc6 Qe5+ 12. Be3 Nd5 13. Nxd5 Rxd5 14. 0-0 Bd6 15. g3 Qxb2 16. Qd7+ Kf6 17. Rfe1 Bb4 18. Bc1 Rxd7 19. Bxb2+ Kf7 20. Re4 Bc5 21. Rc1 Rd2 22. Rf4+ Ke7 1/2-1/2